[Event "Hamar CC-ch B"]
[Site "Hamar"]
[Date "2017.01.05"]
[Round "1"]
[White "Madagov, Ibragim"]
[Black "Haukenes, Elias"]
[Result "0-1"]
[WhiteElo "888"]
[BlackElo "1105"]
[PlyCount "106"]
[EventDate "2017.01.05"]
[EventType "swiss"]
[EventRounds "9"]
[EventCountry "NOR"]
[SourceTitle "EXT 2024"]
[Source "ChessBase"]
[SourceDate "2023.10.10"]
[SourceVersion "1"]
[SourceVersionDate "2023.10.10"]
[SourceQuality "1"]

1. e4 c5 2. d4 cxd4 3. c3 Nc6 4. Nf3 Nf6 5. e5 Nd5 6. cxd4 e6 7. Bc4 Bb4+ 8. Bd2 Nb6 9. Bb5 Bxd2+ 10. Nbxd2 d5 11. Rc1 Bd7 12. Nb3 0-0 13. 0-0 Nb4 14. Bxd7 Qxd7 15. Nc5 Qe7 16. Qd2 a5 17. b3 Nc6 18. Qg5 Qxg5 19. Nxg5 Nxd4 20. Rcd1 Ne2+ 21. Kh1 Nc3 22. Rd2 Ra7 23. Rc1 Nb5 24. Rb1 Rc8 25. Nd3 Raa8 26. a4 Nd4 27. h3 Rc3 28. Nc5 Rxc5 29. Rxd4 Rac8 30. Kh2 h6 31. Nf3 Rc2 32. Kg3 Nd7 33. Ne1 R2c3+ 34. Nd3 Nxe5 35. Rd1 Rxb3 36. Kh2 Nxd3 37. R1xd3 Rxd3 38. Rxd3 Rc4 39. Ra3 d4 40. Kg1 Rc3 41. Ra2 d3 42. Rd2 Kf8 43. f3 Ke7 44. Kf2 Kd6 45. Ke3 Kc5 46. Rb2 b6 47. Rb5+ Kc6 48. Rb2 Rc2 49. Rb3 d2 50. Rd3 Kc5 51. Ke2 Kc4 52. Rd7 Kc3 53. Rc7+ Kb2 0-1

[Event "Hamar op B"]
[Site "Hamar"]
[Date "2016.12.01"]
[Round "7"]
[White "Haukenes, Elias"]
[Black "Teum, Erlend"]
[Result "1-0"]
[WhiteElo "1098"]
[BlackElo "1077"]
[PlyCount "40"]
[EventDate "2016.09.01"]
[EventType "swiss"]
[EventRounds "7"]
[EventCountry "NOR"]
[SourceTitle "EXT 2024"]
[Source "ChessBase"]
[SourceDate "2023.10.10"]
[SourceVersion "1"]
[SourceVersionDate "2023.10.10"]
[SourceQuality "1"]

1. d4 d5 2. Nf3 Bf5 3. Bf4 e6 4. e3 Bd6 5. Bxd6 Qxd6 6. Be2 Nf6 7. 0-0 0-0 8. Nbd2 Nc6 9. c3 e5 10. Nb3 e4 11. Nfd2 Ne7 12. Rc1 b5 13. Bxb5 Bg4 14. Be2 Bxe2 15. Qxe2 a5 16. Nc5 a4 17. a3 Rfb8 18. Rc2 Ng6 19. f3 Nh4 20. fxe4 Qxh2+ 1-0

[Event "Hamar Ridabu School-ch C"]
[Site "Hamar"]
[Date "2016.05.12"]
[Round "9"]
[White "Haukenes, Elias"]
[Black "Kvernvolden, Frank"]
[Result "1-0"]
[WhiteElo "1051"]
[BlackElo "804"]
[PlyCount "55"]
[EventDate "2016.01.07"]
[EventType "swiss"]
[EventRounds "9"]
[EventCountry "NOR"]
[SourceTitle "EXT 2024"]
[Source "ChessBase"]
[SourceDate "2023.10.10"]
[SourceVersion "1"]
[SourceVersionDate "2023.10.10"]
[SourceQuality "1"]

1. d4 e6 2. Nf3 c5 3. c3 d5 4. Bf4 Nf6 5. Nbd2 c4 6. e3 Nbd7 7. Be2 h6 8. b3 b5 9. a4 Ba6 10. axb5 Bxb5 11. bxc4 dxc4 12. Nxc4 Bxc4 13. Bxc4 Be7 14. 0-0 Ne4 15. Qd3 Ng5 16. Nxg5 hxg5 17. Bg3 Nf6 18. Rfb1 Bd6 19. Bxd6 Qxd6 20. g3 Ng4 21. Qe4 Rh4 22. Qxa8+ Ke7 23. Rxa7+ Kf6 24. Qf3+ Kg6 25. Qxf7+ Kh6 26. Qxg7+ Kh5 27. Qf7+ Kh6 28. Qh7# 1-0

[Event "Hamar Ridabu School-ch"]
[Site "Hamar"]
[Date "2015.02.19"]
[Round "4"]
[White "Skjerve, Vemund"]
[Black "Haukenes, Elias"]
[Result "0-1"]
[WhiteElo "932"]
[BlackElo "1016"]
[PlyCount "64"]
[EventDate "2015.01.08"]
[EventType "swiss"]
[EventRounds "9"]
[EventCountry "NOR"]
[SourceTitle "EXT 2024"]
[Source "ChessBase"]
[SourceDate "2023.10.10"]
[SourceVersion "1"]
[SourceVersionDate "2023.10.10"]
[SourceQuality "1"]

1. e4 e5 2. Nf3 Nc6 3. Nc3 Nf6 4. g3 d6 5. Bg2 Be6 6. d3 Be7 7. Qd2 Qd7 8. b3 0-0 9. h3 d5 10. Ng5 d4 11. Nxe6 dxc3 12. Qxc3 Bb4 13. Qxb4 Nxb4 14. Nxf8 Rxf8 15. 0-0 Qd4 16. Be3 Qc3 17. Bxa7 b6 18. a3 Nxc2 19. Rfc1 Qxb3 20. Rab1 Qa4 21. Bxb6 cxb6 22. Rxb6 Nxa3 23. Ra1 h6 24. Bf3 Ra8 25. Bd1 Qd4 26. Rb3 Qxa1 27. Kg2 Qxd1 28. Rb4 Nb1 29. Rb2 Ra1 30. g4 Nd2 31. Kg3 Qf3+ 32. Kh4 g5# 0-1

[Event "Hamar op B"]
[Site "Hamar"]
[Date "2014.10.02"]
[Round "3"]
[White "Haukenes, Elias"]
[Black "Orsleie, Sivert Nikolai"]
[Result "1-0"]
[WhiteElo "886"]
[BlackElo "989"]
[PlyCount "37"]
[EventDate "2014.09.04"]
[EventType "swiss"]
[EventRounds "9"]
[EventCountry "NOR"]
[SourceTitle "EXT 2024"]
[Source "ChessBase"]
[SourceDate "2023.10.10"]
[SourceVersion "1"]
[SourceVersionDate "2023.10.10"]
[SourceQuality "1"]

1. e4 e5 2. Nf3 Nc6 3. Bb5 a6 4. Ba4 b5 5. Bb3 Bc5 6. Nc3 Nge7 7. d3 h6 8. Be3 Bb4 9. a3 Ba5 10. 0-0 0-0 11. Nd5 d6 12. c3 Be6 13. Qd2 f5 14. Bxh6 fxe4 15. dxe4 gxh6 16. Qxh6 Rxf3 17. Qxe6+ Rf7 18. Nf6+ Kf8 19. Qxf7# 1-0

[Event "Hamar op"]
[Site "Hamar"]
[Date "2013.11.21"]
[Round "6"]
[White "Haukenes, Elias"]
[Black "Eriksen, Leander"]
[Result "0-1"]
[WhiteElo "763"]
[BlackElo "768"]
[PlyCount "46"]
[EventDate "2013.08.29"]
[EventType "swiss"]
[EventRounds "7"]
[EventCountry "NOR"]
[SourceTitle "EXT 2024"]
[Source "ChessBase"]
[SourceDate "2023.10.10"]
[SourceVersion "1"]
[SourceVersionDate "2023.10.10"]
[SourceQuality "1"]

1. e4 e5 2. Nf3 Nc6 3. Bb5 Nf6 4. Nc3 Bb4 5. 0-0 Bxc3 6. bxc3 Nxe4 7. Re1 d5 8. Nxe5 Qf6 9. f3 Qxe5 10. fxe4 dxe4 11. Bxc6+ bxc6 12. d3 Qxc3 13. Rxe4+ Be6 14. Bd2 Qf6 15. Rb1 0-0 16. Rb7 Qg6 17. Rxc7 Bd5 18. Re2 Bf3 19. Bb4 Rae8 20. Bxf8 Rxe2 21. Qf1 Re1 22. Re7 Rd1 23. Re8 Qxg2# 0-1

[Event "Hamar CC-ch"]
[Site "Hamar"]
[Date "2013.02.21"]
[Round "4"]
[White "Haukenes, Elias"]
[Black "Brobakken, Jorgen"]
[Result "0-1"]
[WhiteElo "651"]
[BlackElo "866"]
[PlyCount "42"]
[EventDate "2013.01.03"]
[EventType "swiss"]
[EventRounds "9"]
[EventCountry "NOR"]
[SourceTitle "EXT 2024"]
[Source "ChessBase"]
[SourceDate "2023.10.10"]
[SourceVersion "1"]
[SourceVersionDate "2023.10.10"]
[SourceQuality "1"]

1. d4 d5 2. c4 c6 3. Nc3 Nf6 4. Bf4 Bf5 5. e3 e6 6. Nf3 Nbd7 7. Bd3 Bxd3 8. Qxd3 Be7 9. Ne5 0-0 10. 0-0 h6 11. Rfe1 Bd6 12. Nxd7 Qxd7 13. Bxd6 Qxd6 14. e4 dxe4 15. Nxe4 Qe7 16. c5 Rad8 17. b4 e5 18. Nxf6+ Qxf6 19. Rxe5 Qxe5 20. dxe5 Rxd3 21. h3 Rfd8 0-1

[Event "Hamar-ch A"]
[Site "Hamar"]
[Date "2012.11.15"]
[Round "6"]
[White "Brobakken, Jorgen"]
[Black "Haukenes, Elias"]
[Result "1-0"]
[WhiteElo "880"]
[BlackElo "677"]
[PlyCount "75"]
[EventDate "2012.09.06"]
[EventType "swiss"]
[EventRounds "7"]
[EventCountry "NOR"]
[SourceTitle "EXT 2024"]
[Source "ChessBase"]
[SourceDate "2023.10.10"]
[SourceVersion "1"]
[SourceVersionDate "2023.10.10"]
[SourceQuality "1"]

1. Nf3 d5 2. d3 e6 3. g3 Nf6 4. Nbd2 Bc5 5. Bg2 Nc6 6. c3 0-0 7. Qc2 b5 8. d4 Bd6 9. Nb3 Ba6 10. 0-0 Re8 11. Bg5 h6 12. Bxf6 Qxf6 13. Rfe1 e5 14. dxe5 Nxe5 15. Nxe5 Rxe5 16. Rad1 Rae8 17. e3 Bb7 18. Nd4 c5 19. Nxb5 Be7 20. c4 Rd8 21. cxd5 Bxd5 22. e4 Bc6 23. Rxd8+ Bxd8 24. Nxa7 Bb7 25. Nb5 Qe6 26. h3 Ba6 27. Qd3 f5 28. Qxd8+ Kh7 29. Nc7 Qc4 30. f4 fxe4 31. fxe5 e3 32. Nxa6 e2 33. Bf3 Qxa6 34. Be4+ g6 35. Qe7+ Kg8 36. Bd5+ Kh8 37. Qf8+ Kh7 38. Qg8# 1-0

[Event "Hamar-ch A"]
[Site "Hamar"]
[Date "2012.10.04"]
[Round "3"]
[White "Jotun, Jan"]
[Black "Haukenes, Elias"]
[Result "1-0"]
[WhiteElo "1655"]
[BlackElo "677"]
[PlyCount "61"]
[EventDate "2012.09.06"]
[EventType "swiss"]
[EventRounds "7"]
[EventCountry "NOR"]
[SourceTitle "EXT 2024"]
[Source "ChessBase"]
[SourceDate "2023.10.10"]
[SourceVersion "1"]
[SourceVersionDate "2023.10.10"]
[SourceQuality "1"]

1. d4 Nf6 2. c4 g6 3. Nc3 Bg7 4. Nf3 0-0 5. h3 d6 6. Bg5 Nbd7 7. e3 c6 8. Be2 Qc7 9. Bf4 Re8 10. Bh2 a6 11. 0-0 Rb8 12. c5 d5 13. Bxc7 Ra8 14. Ne5 Nxe5 15. Bxe5 Ne4 16. Nxe4 dxe4 17. Bxg7 Kxg7 18. d5 cxd5 19. Qxd5 Bf5 20. g4 Be6 21. Qxe4 Rad8 22. Rfd1 f5 23. Qxe6 Rxd1+ 24. Rxd1 Rf8 25. Qxe7+ Rf7 26. Qe5+ Kh6 27. f4 g5 28. Qe6+ Kg7 29. Rd8 Rf6 30. Rg8+ Kh6 31. Qxf6# 1-0

[Event "Hamar CC-ch B"]
[Site "Hamar"]
[Date "2012.03.01"]
[Round "5"]
[White "Haukenes, Elias"]
[Black "Andersen, Daniel"]
[Result "1-0"]
[WhiteElo "689"]
[BlackElo "1884"]
[PlyCount "45"]
[EventDate "2012.01.05"]
[EventType "swiss"]
[EventRounds "9"]
[EventCountry "NOR"]
[SourceTitle "EXT 2024"]
[Source "ChessBase"]
[SourceDate "2023.10.10"]
[SourceVersion "1"]
[SourceVersionDate "2023.10.10"]
[SourceQuality "1"]

1. d4 d5 2. c4 Nc6 3. Nf3 e6 4. Nc3 dxc4 5. e3 b6 6. Bxc4 g6 7. d5 exd5 8. Bxd5 Bd7 9. Nd4 Nxd4 10. Qxd4 Bc5 11. Qxh8 f6 12. Qg7 Qe7 13. Qxe7+ Nxe7 14. Bxa8 c6 15. 0-0 Bc8 16. e4 Kd8 17. Rd1+ Kc7 18. Bf4+ Bd6 19. Bxd6+ Kd8 20. Bxe7+ Kxe7 21. Rd3 f5 22. exf5 Bxf5 23. Re1+ 1-0

[Event "Politiken Cup 33rd"]
[Site "Helsingor"]
[Date "2011.08.01"]
[Round "4"]
[White "Haukenes, Elias"]
[Black "Brobakken, Sindre"]
[Result "0-1"]
[WhiteElo "1000"]
[BlackElo "1317"]
[PlyCount "74"]
[EventDate "2011.07.30"]
[EventType "swiss"]
[EventRounds "10"]
[EventCountry "DEN"]
[SourceTitle "CBM 143 Extra"]
[Source "ChessBase"]
[SourceDate "2011.08.29"]
[SourceVersion "1"]
[SourceVersionDate "2011.08.29"]
[SourceQuality "1"]

1. d4 Nf6 2. g3 g6 3. Bg2 Bg7 4. Nf3 d6 5. 0-0 Nbd7 6. Bg5 0-0 7. Nbd2 c6 8. e4 Qc7 9. Re1 e5 10. c4 Re8 11. d5 h6 12. Bxf6 Nxf6 13. b4 Qb6 14. Rb1 Ng4 15. Re2 f5 16. a4 a5 17. b5 c5 18. h3 Nf6 19. Nb3 Nxe4 20. Nh4 Nc3 21. Qc2 Nxe2+ 22. Qxe2 g5 23. Ng6 Kh7 24. Qh5 Qc7 25. Re1 Qf7 26. Bf3 Qxg6 27. Qxg6+ Kxg6 28. Bd1 h5 29. g4 fxg4 30. hxg4 Bxg4 31. f3 Bf5 32. Kg2 g4 33. Kg3 gxf3 34. Bxf3 e4 35. Be2 Kg5 36. Kh2 e3 37. Rg1+ Bg4 0-1